Tennis - Gagnant d'un titre ATP en 2023 - Statistiques

Statistiques générales
  • Ce quiz a été pris 6 503 fois
  • Le résultat moyen est 26 sur 37
Statistiques - réponses
Tournoi
Vainqueur % Correct
Buenos Aires Carlos Alcaraz
99%
Indian Wells Carlos Alcaraz
99%
Barcelone Carlos Alcaraz
99%
Madrid Carlos Alcaraz
99%
Queen's Carlos Alcaraz
99%
Wimbledon Carlos Alcaraz
99%
Adelaïde Novak Djokovic
99%
Open d'Australie Novak Djokovic
99%
Roland Garros Novak Djokovic
99%
Rotterdam Daniil Medvedev
93%
Doha Daniil Medvedev
93%
Dubaï Daniil Medvedev
93%
Miami Daniil Medvedev
93%
Rome Daniil Medvedev
93%
Munich Holger Rune
86%
Montpellier Jannik Sinner
86%
Monte Carlo Andrey Rublev
83%
Estoril Casper Ruud
83%
Lyon Arthur Fils
75%
Delray Beach Taylor Fritz
72%
Houston Frances Tiafoe
68%
Stuttgart Frances Tiafoe
68%
Rio de Janeiro Cameron Norrie
56%
Halle Alexander Bublik
54%
Auckland Richard Gasquet
53%
Acapulco Alex De Minaur
52%
Majorque Christopher Eubanks
47%
Eastbourne Francisco Cerundolo
45%
Santiago Nicolas Jarry
43%
Genève Nicolas Jarry
43%
Pune Tallon Griekspoor
36%
S-Hertogenbosch Tallon Griekspoor
36%
Cordoba Sebastian Baez
34%
Banja Luka Dusan Lajovic
32%
Marrakech Roberto Carballes Baena
21%
Dallas Yibing Wu
20%
Adelaïde 2 Soonwoo Kwon
14%
Aucun quiz correspondant
Distribution des résultats
% des personnes avec chaque résultat
Percentile par nombre de réponses
Votre historique - résultats
Vous n’avez pas pris ce quiz